| 000 | 00557nam a22001577a 4500 | ||
|---|---|---|---|
| 003 | macl | ||
| 005 | 20200213130513.0 | ||
| 008 | 200213b xxu||||| |||| 00| 0 eng d | ||
| 040 | _cmacl | ||
| 082 | _a800 | ||
| 100 |
_aसिन्हा, रणजीत कुमार _978168 |
||
| 245 | _aभूमंडलीकरण और हिन्दी साहित्य | ||
| 260 |
_aकोलकाता _bमानव प्रकाशन _c2016 |
||
| 650 |
_aहिन्दी साहित्य _936757 |
||
| 942 |
_2ddc _cHIN |
||
| 999 |
_c62049 _d62049 |
||